| 000 | 00638nam a22001697a 4500 | ||
|---|---|---|---|
| 005 | 20251108172021.0 | ||
| 008 | 250721s1996 xx 000 0 ara d | ||
| 082 | 1 | 4 | _a364.17/محم |
| 100 | 1 | _aالشديفات، محمود | |
| 245 | 1 | 0 |
_aالمخدرات : _bالخدر و فساد العقل - دراسة في ظاهرة إنتشار المخدرات في الوطن العربي و سبل الوقاية منها / |
| 264 | 1 |
_aعمان : _bدار آفاق للنشر و التوزيع، _c1996. |
|
| 300 | _a80ص | ||
| 650 | 1 | 7 | _aالمخدرات |
| 650 | 1 | 7 | _aالبلدان العربية |
| 942 |
_2ddc _cBK |
||
| 999 |
_c68372 _d68372 |
||